| 000 -LEADER | |
|---|---|
| fixed length control field | 00415nam a22001697a 4500 |
| 005 - DATE AND TIME OF LATEST TRANSACTION | |
| control field | 20160630130009.0 |
| 008 - FIXED-LENGTH DATA ELEMENTS--GENERAL INFORMATION | |
| fixed length control field | 160630b xxu||||| |||| 00| 0 eng d |
| 020 ## - INTERNATIONAL STANDARD BOOK NUMBER | |
| ISBN | 81-219-4322-1 |
| 041 ## - LANGUAGE CODE | |
| Language code of text/sound track or separate title | eng |
| 082 ## - DEWEY DECIMAL CLASSIFICATION NUMBER | |
| Item number | 19839 |
| 100 ## - MAIN ENTRY--AUTHOR NAME | |
| Personal name | Mishra Dr anil |
| 245 ## - TITLE STATEMENT | |
| Title | Engineering Geology |
| 260 ## - PUBLICATION, DISTRIBUTION, ETC. (IMPRINT) | |
| Place of publication | New Delhi |
| Name of publisher | Sultan Chand & Sons, |
| Year of publication | 2014 |
| 300 ## - PHYSICAL DESCRIPTION | |
| Number of Pages | 242 |
| 650 ## - SUBJECT ADDED ENTRY--TOPICAL TERM | |
| Topical Term | Diploma Engineering |
| 942 ## - ADDED ENTRY ELEMENTS (KOHA) | |
| Koha item type | Books |
| Lost status | Damaged status | Home library | Current library | Shelving location | Date acquired | Cost, normal purchase price | Full call number | Accession Number | Koha item type | Collection code |
|---|---|---|---|---|---|---|---|---|---|---|
| JRU Library | SHELF-88-C | 30/06/2016 | 200.00 | 19839 | 19839 | Books | ||||
| JRU Library | SHELF -72- F | 30/06/2016 | 200.00 | 19839 | 19840 | Books | Reference | |||
| JRU Library | JRU Library | SHELF-88-C | 30/06/2016 | 200.00 | 19839 | 19841 | Books | MINING | ||
| JRU Library | JRU Library | SHELF-88-C | 30/06/2016 | 200.00 | 19839 | 19842 | Books | MINING | ||
| JRU Library | JRU Library | SHELF-88-C | 30/06/2016 | 200.00 | 19839 | 19843 | Books | MINING | ||
| JRU Library | SHELF-76-E | 30/06/2016 | 200.00 | 19839 | 19844 | Books | ||||
| JRU Library | JRU Library | SHELF-88-C | 30/06/2016 | 200.00 | 19839 | 19845 | Books | MINING | ||
| JRU Library | JRU Library | SHELF-88-C | 30/06/2016 | 200.00 | 19839 | 19846 | Books | MINING | ||
| JRU Library | JRU Library | SHELF-88-C | 30/06/2016 | 200.00 | 19839 | 19847 | Books | MINING | ||
| JRU Library | SHELF-88-C | 30/06/2016 | 200.00 | 19839 | 19848 | Books |